Comuni della Provincia di Viterbo - Statistics

Statistiche generali
  • Questo quiz è stato fatto 71 volte
  • Il punteggio medio è 45 su 60
Statistiche sulle risposte
Comune % Corretto
Tarquinia
100%
Viterbo
100%
Montalto di Castro
97%
Bolsena
94%
Civita Castellana
90%
Orte
90%
Acquapendente
84%
Marta
84%
Tuscania
84%
Vetralla
84%
Bagnoregio
81%
Bomarzo
81%
Gallese
81%
Montefiascone
81%
Sutri
81%
Vitorchiano
81%
Bassano Romano
77%
Capranica
77%
Caprarola
77%
Ischia di Castro
77%
Monterosi
77%
Nepi
77%
Oriolo Romano
77%
Ronciglione
77%
Tessennano
77%
Vasanello
77%
Bassano in Teverina
74%
Blera
74%
Capodimonte
74%
Celleno
74%
Gradoli
74%
Monte Romano
74%
Onano
74%
San Lorenzo Nuovo
74%
Soriano nel Cimino
74%
Valentano
74%
Vejano
74%
Vignanello
74%
Canino
71%
Corchiano
71%
Grotte di Castro
71%
Vallerano
71%
Villa San Giovanni in Tuscia
71%
Arlena di Castro
68%
Canepina
68%
Castel Sant'Elia
68%
Castiglione in Teverina
68%
Faleria
68%
Farnese
68%
Latera
68%
Lubriano
68%
Cellere
65%
Fabrica di Roma
65%
Piansano
65%
Barbarano Romano
61%
Calcata
61%
Carbognano
61%
Proceno
61%
Civitella d'Agliano
58%
Graffignano
58%
Nessun quiz corrispondente trovato
Distribuzione punteggi
Percentuale di utenti per punteggio
Percentile per numero di risposta
I tuoi punteggi nel tempo
Non hai fatto questo quiz